Blockchain Technology: (Record no. 183117)

MARC details
000 -LEADER
fixed length control field 00722 a2200217 4500
005 - DATE AND TIME OF LATEST TRANSACTION
control field 20211216160924.0
010 ## - LCCN (DPL NO)
LC control number ENG-130382
020 ## - INTERNATIONAL STANDARD BOOK NUMBER
Terms of availability 795.0000
International Standard Book Number 978-93-89211-63-4
035 ## - SYSTEM CONTROL NUMBER
System control number EN-113914
037 ## - SOURCE OF ACQUISITION
Source of stock number/acquisition DBAD / PUB
082 ## - DEWEY DECIMAL CLASSIFICATION NUMBER
Classification number 005.74
100 ## - MAIN ENTRY--PERSONAL NAME
Personal name Subramanian, Chandramouli
245 ## - TITLE STATEMENT
Title Blockchain Technology:
Statement of responsibility, etc Chandramoiuli Subramanian, Asha A George, Abhilash K A and Meena Karhikeyan
260 ## - PUBLICATION, DISTRIBUTION, ETC. (IMPRINT)
Name of publisher, distributor, etc Universities Press (India) Pvt. Ltd
Place of publication, distribution, etc Hyderabad
Date of publication, distribution, etc 2021
270 ## - ADDRESS
City Hyderabad
Address 3-6-747/1A&3-6-754/1, Himayatnagar
Postal code 500029
300 ## - PHYSICAL DESCRIPTION
Extent 672p.
Dimensions 24cm (pbk)
700 ## - ADDED ENTRY--PERSONAL NAME
Personal name Asha A George
700 ## - ADDED ENTRY--PERSONAL NAME
Personal name Abhilash K A
700 ## - ADDED ENTRY--PERSONAL NAME
Personal name Meena Karthikeyan
942 ## - ADDED ENTRY ELEMENTS (KOHA)
Institution code [OBSOLETE] dpl
Item type English Books
Source of classification or shelving scheme Dewey Decimal Classification
Classification part 005.74
Call number suffix SUB
Holdings
Withdrawn status Lost status Not for loan Collection code Home library Current library Date acquired Source of acquisition Cost, normal purchase price Full call number Barcode Copy number Cost, replacement price Koha item type
      Non-fiction Shahdara Branch Shahdara Branch 16/12/2021 DBAD/PUB 795.00 005.74 SUB EN-113914 1 795.00 English Books

© Delhi Public Library
Hit Counter
free hit counter